[Event "Bratislava op"]
[Site "Bratislava"]
[Date "1995.??.??"]
[Round "3"]
[White "Moravcik, Rastislav"]
[Black "Bordac, Marian"]
[Result "1-0"]
[WhiteElo "2080"]
[BlackElo "1680"]
[PlyCount "39"]
[EventDate "1995.??.??"]
[EventType "swiss"]
[EventRounds "9"]
[EventCountry "SVK"]
[SourceTitle "EXT 1997"]
[Source "ChessBase"]
[SourceDate "1996.11.15"]
[SourceVersion "1"]
[SourceVersionDate "1996.11.15"]
[SourceQuality "1"]

1. e4 e5 2. Nc3 Nf6 3. f4 d6 4. Nf3 Bg4 5. h3 Bxf3 6. Qxf3 a6 7. Bc4 Nc6 8. d3 Nd4 9. Qf2 b5 10. Bb3 Nxb3 11. axb3 g6 12. 0-0 exf4 13. Qxf4 Bg7 14. Nd5 0-0 15. Nxf6+ Kh8 16. Qh4 Bxf6 17. Rxf6 Qd7 18. Qh6 Rae8 19. Bd2 Qe7 20. Bc3 1-0

[Event "Bratislava op"]
[Site "Bratislava"]
[Date "1995.??.??"]
[Round "4"]
[White "Pajer, Agoston"]
[Black "Bordac, Marian"]
[Result "1/2-1/2"]
[WhiteElo "1980"]
[BlackElo "1680"]
[PlyCount "138"]
[EventDate "1995.??.??"]
[EventType "swiss"]
[EventRounds "9"]
[EventCountry "SVK"]
[SourceTitle "EXT 1997"]
[Source "ChessBase"]
[SourceDate "1996.11.15"]
[SourceVersion "1"]
[SourceVersionDate "1996.11.15"]
[SourceQuality "1"]

1. e4 e5 2. Nf3 Nf6 3. Nc3 Nc6 4. Bc4 Bc5 5. a3 a6 6. 0-0 0-0 7. d3 Nd4 8. Bg5 Nxf3+ 9. Qxf3 Be7 10. Rad1 d6 11. h3 b5 12. Bb3 Bb7 13. d4 exd4 14. Rxd4 c5 15. Rd2 c4 16. Ba2 Nxe4 17. Bxe7 Qxe7 18. Nxe4 Qxe4 19. Qxe4 Bxe4 20. Bb1 Rad8 21. Rfd1 d5 22. f3 Bf5 23. Rxd5 Rxd5 24. Rxd5 Re8 25. Kf2 g6 26. g4 Bc8 27. c3 Kg7 28. Be4 Bb7 29. Rd6 Bxe4 30. fxe4 Rxe4 31. Rxa6 Re6 32. Ra5 Rb6 33. g5 h6 34. h4 hxg5 35. hxg5 f6 36. Ra7+ Kf8 37. gxf6 Rxf6+ 38. Kg3 Rf7 39. Ra8+ Kg7 40. a4 bxa4 41. Rxa4 Rc7 42. Kf4 Kf6 43. Kg4 Rc5 44. Rb4 Kg7 45. Kf4 Kh6 46. Rb6 Kh5 47. Rb8 Kh6 48. Rb7 Rc6 49. Kg4 Rc5 50. Rb6 Rc7 51. Rb5 Rc8 52. Kh4 Rc6 53. Rd5 Rb6 54. Rd4 Rc6 55. Rd5 Rb6 56. Rc5 Rxb2 57. Rxc4 Rc2 58. Rc7 Rh2+ 59. Kg3 Rc2 60. Kg4 Rg2+ 61. Kf3 Rc2 62. Ke3 Rg2 63. c4 g5 64. c5 g4 65. c6 g3 66. Rc8 Kg7 67. Rd8 Rc2 68. Rd7+ Kf6 69. c7 g2 1/2-1/2